ARRUPE JESUIT UNIVERSITY

CORONAVIRUS -STOP THE SPREAD - CLEAN,DISINFECT,COVER

Christians and Marxists : (Record no. 118011)

MARC details
000 -LEADER
fixed length control field 00900cam a2200265 i 4500
001 - CONTROL NUMBER
control field 3184686
003 - CONTROL NUMBER IDENTIFIER
control field ARRUPE
005 - DATE AND TIME OF LATEST TRANSACTION
control field 20140302020006.0
008 - FIXED-LENGTH DATA ELEMENTS--GENERAL INFORMATION
fixed length control field 760805s1976 enk b 001 0 eng
010 ## - LIBRARY OF CONGRESS CONTROL NUMBER
LC control number 76369696
015 ## - NATIONAL BIBLIOGRAPHY NUMBER
National bibliography number GB76-11147
020 ## - INTERNATIONAL STANDARD BOOK NUMBER
International Standard Book Number 0340193964 :
Terms of availability £2.50
040 ## - CATALOGING SOURCE
Original cataloging agency DLC
Transcribing agency DLC
Modifying agency DLC
050 00 - LIBRARY OF CONGRESS CALL NUMBER
Classification number HX536
Item number .M46 1976b
300 ## - PHYSICAL DESCRIPTION
Dimensions 22 cm.
100 1# - MAIN ENTRY--PERSONAL NAME
Personal name Míguez Bonino, José.
9 (RLIN) 1133
245 10 - TITLE STATEMENT
Title Christians and Marxists :
Remainder of title the mutual challenge to revolution /
Statement of responsibility, etc by José Míguez Bonino.
260 ## - PUBLICATION, DISTRIBUTION, ETC. (IMPRINT)
Place of publication, distribution, etc London :
Name of publisher, distributor, etc Hodder and Stoughton,
Date of publication, distribution, etc 1976.
300 ## - PHYSICAL DESCRIPTION
Extent 158 p. ;
490 0# - SERIES STATEMENT
Series statement Ecclesia books
500 ## - GENERAL NOTE
General note "First delivered as the 1974 London lecture in contemporary Christianity."
504 ## - BIBLIOGRAPHY, ETC. NOTE
Bibliography, etc Includes bibliographical references and index.
650 #0 - SUBJECT ADDED ENTRY--TOPICAL TERM
Topical term or geographic name as entry element Communism and Christianity.
9 (RLIN) 1134
906 ## - LOCAL DATA ELEMENT F, LDF (RLIN)
a 7
b cbc
c orignew
d 3
e ncip
f 19
g y-gencatlg
942 ## - ADDED ENTRY ELEMENTS (KOHA)
Source of classification or shelving scheme Library of Congress Classification
Koha item type Monograph ( Printed materials)
Koha issues (borrowed), all copies 1
Holdings
Withdrawn status Lost status Source of classification or shelving scheme Damaged status Not for loan Collection code Home library Current library Shelving location Date acquired Total Checkouts Full call number Barcode Date last seen Date checked out Price effective from Koha item type
    Library of Congress Classification     Main Collection ARRUPE LIBRARY ARRUPE LIBRARY Main Collection 24/09/2013 2 HX536 .M46 1976b 46407554 09/03/2023 08/02/2023 24/09/2013 Monograph ( Printed materials)

 

Arrupe Library. PO Box MP320 Mt Pleasant, Harare, Zimbabwe
263 242 745411|librarian@aju.ac.zw